000
00302nam a2200121Ia 4500
008
240624s9999 xx 000 0 und d
041
_a
eng
082
_a
823 SHE
100
_a
SHELDON SIDNEY
245
_a
TELL ME YOUR DREAMS
260
_c
2011
_a
New Delhi
_b
HarperCollins
300
_a
341 , p. , 18 , cm.
999
_c
30753
_d
30753